000 00650nam a2200193 i 4500
001 38373
003 ES-MaACL
005 20250531063024.0
007 t|
008 030225s1968 sp d ||||1| spa d
080 _a914.64.1 M.(03)
100 1 _aCabezas, Juan Antonio,
_d1900-1993
_933200
245 1 0 _aDiccionario de Madrid
_b: las calles, sus nombres, su historia, su ambiente /
_cJuan Antonio Cabezas.
260 _aMadrid :
_bCompañía Bibliográfica Española,
_c1968.
300 _a497 p., 2 lám. :
_bil. ;
_c22 cm.
650 4 _aCalles-
_zMadrid-
_vDiccionarios.
_9172252
852 _aES-MaACL
_jG-5558
999 _c38373
_d38373